000 00656cam a2200229 4500
001 A253
008 090401t1991 xxu||||| |||| 00| 0 eng d
035 _a(Sirsi) u95318
041 _aeng
110 _aRoyal Institution of Chartered Surveyors
_94900
245 _aConsulation paper : proposed `certificate of lawful use or development`
260 _bRICS
_c1991
300 _a3p
350 _a0
490 _aRICS Memorandum
_vGCPPA/Report (91)10
520 _aResponse to a consulation paper.
650 _aCERTIFICATE OF LAWFUL USE
650 _aCONSULATION PAPER
690 _aPLANNING LAW AND PRACTICE
942 _n0
948 _c04/03/1997
999 _c98410
_d98410